Languages of Google Maps – Eastern US - Statistics

General Stats
  • This quiz has been taken 101 times
  • The average score is 16 of 21
Answer Stats
Picture Answer % Correct
French
99%
Chinese (Simplified)
97%
Korean
95%
Spanish
95%
English
89%
Hindi
85%
Japanese
80%
Polish
80%
Greek
79%
Arabic
78%
Italian
74%
Portuguese
74%
Ukrainian
72%
Russian
71%
Vietnamese
70%
Thai
63%
Dutch
62%
German
59%
Bengali
57%
Hungarian
46%
Turkish
45%
No matching quizzes found
Score Distribution
Percent of People with Each Score
Percentile by Number Answered
Your Score History
You have not taken this quiz